Confusing and Similar Country Flags - Statistics

General Stats
  • This quiz has been taken 3,014 times
  • The average score is 64 of 75
Answer Stats
Picture Answer % Correct
Australia
100%
New Zealand
99%
Japan
98%
Turkey
97%
Bangladesh
96%
France
95%
Germany
95%
Ireland
95%
Italy
95%
Russia
95%
Argentina
94%
Belgium
94%
Croatia
94%
Netherlands
94%
Pakistan
94%
Poland
94%
Austria
93%
Slovakia
93%
Algeria
92%
Egypt
92%
Ivory Coast
92%
Luxembourg
92%
Tunisia
92%
Uruguay
92%
Fiji
91%
Indonesia
91%
Serbia
91%
Slovenia
91%
Bulgaria
90%
Hungary
90%
Monaco
90%
Iraq
89%
Singapore
89%
Syria
88%
Azerbaijan
87%
Peru
87%
Romania
87%
Colombia
86%
Uzbekistan
86%
Venezuela
86%
Palau
85%
Turkmenistan
85%
Ecuador
84%
Andorra
83%
Guatemala
83%
United Arab Emirates
83%
Libya
82%
Moldova
82%
Nicaragua
82%
Tuvalu
82%
Yemen
82%
El Salvador
81%
Jordan
81%
Kuwait
81%
Maldives
81%
Chad
80%
Paraguay
80%
Lithuania
79%
Armenia
78%
Comoros
77%
Ghana
77%
Myanmar
76%
Sudan
74%
Cameroon
73%
Burkina Faso
72%
Gabon
71%
Senegal
71%
South Sudan
71%
Benin
69%
Sierra Leone
69%
Rep. of the Congo
68%
Mali
67%
Bolivia
64%
Guinea
64%
Guinea-Bissau
64%
No matching quizzes found
Score Distribution
Percent of People with Each Score
Percentile by Number Answered
Your Score History
You have not taken this quiz